000 00371nam a22001217a 4500
008 230608b xxu||||| |||| 00| 0 eng d
082 _a338.91091724
_bDPR
245 _aDevelopment Policy Review
_bTheme Issue: Developmental States in the New Millenium
260 _aUK
_bBlackwell Publishing
_cSeptember ,2007
300 _a656p
440 _n5
_v25
_x14677679
942 _2ddc
_cBK
999 _c847
_d847